Science Quiz

Random Science or Math Quiz

The Unequal Equation Quiz III Stats

 Plays Quiz Updated Apr 5, 2018

Score 0/15 Timer 02:00
1 Play Today
Question Answer Wrong Answers
4 * 3 5 * 7
83.6%
6 * 2
1.3%
12 * 1
1.9%
3 * 4
1.5%
5 = 1 + 3
83.5%
3 + 2
1.3%
5 + 0
1.7%
1 + 4
1.2%
1 1 - 1
83.2%
0 + 1
1.8%
1 / 1
1.4%
1 * 1
1.3%
100 / 10 = 10 * 10
83%
5 * 2
1.7%
27 - 17
1.7%
2 + 8
1.6%
1000 100 + 100
82.7%
100 * 10
1.5%
100000 / 100
2.1%
1000 * 1
1.6%
7 * 4 = 12 + 12
80.6%
28
2.3%
14 * 2
1.9%
56 / 2
3%
51 5.1 * 2
80.5%
22 + 29
1.9%
25.5 * 2
2.1%
204 / 4
3.1%
4.6 + 3.4 88 / 10
79.1%
8
3.1%
12 - 4
1.7%
2 * 2 * 2
3.8%
14 29 - 13
77.4%
Half of 28
1.5%
5 + 9
1.9%
3 * 6 - 4
7.1%
sqrt(64) 16 * 2
75.8%
4 + 4
3.4%
17 - 9
4.5%
64 / 8
3.9%
928 = 80 * 12
70.3%
58 * 16
8.4%
232 * 4
5.9%
927 + 1
2.5%
58 * 2 52 * 3
67.6%
464 / 4
8.4%
1160 / 10
5.3%
2(60 - 2)
6.1%
600 + 500 110 + 1000
67.5%
1100
2.3%
275 * 4
8.5%
24,200 / 22
9.5%
84 / 7 * 2 3 * 5
67.3%
4 * 6
7.5%
16 + 8
6%
144 / 6
5.7%
42 + 80 112
65%
111 + 11
11.5%
30.5 * 4
5.9%
180 - 58
5.2%

You're not logged in!

Compare scores with friends on all Sporcle quizzes.
OR
Log In

Sporcle TV

Today on Sporcle TV


Watch our educational content, quiz creation guides, and fun videos on Sporcle TV.

Show Comments

Extras

Top Quizzes Today


Score Distribution

Your Account Isn't Verified!

In order to create a playlist on Sporcle, you need to verify the email address you used during registration. Go to your Sporcle Settings to finish the process.

Report this User

Report this user for behavior that violates our Community Guidelines.

Details: